| 000 | 00509nam a22001697a 4500 | ||
|---|---|---|---|
| 020 | _a9789673498543 | ||
| 082 |
_a658.5 _bHEI |
||
| 100 | _aHeizer, Jay | ||
| 245 |
_aOperations management: sustainability and supply chain management/ _cJay Heizer, Barry Render, Chuck Munson, Amit Sachan |
||
| 250 | _a12th Edition | ||
| 260 |
_aIndia; _bPearson, _c2017 |
||
| 300 |
_axxx, 724 p. _c24 cm. |
||
| 504 | _aExcluding appendixes | ||
| 563 | _aPB | ||
| 650 |
_aSupply chain management _919120 |
||
| 942 |
_2ddc _cBK |
||
| 999 |
_c613601 _d613601 |
||